000 00477nam a2200181Ia 4500
008 100917s9999 xx 000 0 und d
082 _b55735
100 _aतरवडे विजय
245 _aकोलाज
260 _bआराधना पब्लिके शन
_c1981
300 _a64
365 _b7
520 _aकादंबरी
630 _aकोलाज
650 _aकादंबरी
730 _aकोलाज
942 _cBOOK
999 _c661129
_d661126